MARC details
| 000 -LEADER |
| fixed length control field |
02762cam a22003613 4500 |
| 001 - CONTROL NUMBER |
| control field |
on1520196979 |
| 003 - CONTROL NUMBER IDENTIFIER |
| control field |
OCoLC |
| 005 - DATE AND TIME OF LATEST TRANSACTION |
| control field |
20260305124229.0 |
| 007 - PHYSICAL DESCRIPTION FIXED FIELD--GENERAL INFORMATION |
| fixed length control field |
ta |
| 008 - FIXED-LENGTH DATA ELEMENTS--GENERAL INFORMATION |
| fixed length control field |
250521s2026 nya g 0|0 mdeng d |
| 020 ## - INTERNATIONAL STANDARD BOOK NUMBER |
| International Standard Book Number |
0802165842 |
| 020 ## - INTERNATIONAL STANDARD BOOK NUMBER |
| International Standard Book Number |
9780802165848 |
| Terms of availability |
$28.00 |
| Qualifying information |
(hardcover) |
| 035 ## - SYSTEM CONTROL NUMBER |
| System control number |
(OCoLC)1520196979 |
| 040 ## - CATALOGING SOURCE |
| Original cataloging agency |
YDX |
| Language of cataloging |
eng |
| Transcribing agency |
YDX |
| Modifying agency |
BDX |
| -- |
IG# |
| -- |
OCLCQ |
| -- |
TOH |
| Description conventions |
rda |
| 041 0# - LANGUAGE CODE |
| Language code of text/sound track or separate title |
eng |
| 049 ## - LOCAL HOLDINGS (OCLC) |
| Holding library |
WACL |
| 082 ## - DEWEY DECIMAL CLASSIFICATION NUMBER |
| Classification number |
508.7 |
| 092 ## - LOCALLY ASSIGNED DEWEY CALL NUMBER (OCLC) |
| Classification number |
general nonfiction |
| Item number |
814.6 Williams |
| 100 #0 - MAIN ENTRY--PERSONAL NAME |
| Personal name |
Williams, Terry Tempest, |
| Relator term |
author. |
| 245 00 - TITLE STATEMENT |
| Title |
The Glorians : |
| Remainder of title |
visitations from the holy ordinary / |
| Statement of responsibility, etc |
Terry Tempest Williams |
| 250 ## - EDITION STATEMENT |
| Edition statement |
First edition |
| 260 ## - PUBLICATION, DISTRIBUTION, ETC. (IMPRINT) |
| Place of publication, distribution, etc |
[S.l.] : |
| Name of publisher, distributor, etc |
GROVE, |
| Date of publication, distribution, etc |
2026. |
| 264 ## - Production, Publication, Distribution, Manufacture, and Copyright Notice. |
| Place of production, publication, distribution, manufacture |
New York : |
| Name of producer, publisher, distributor, manufacturer |
Grove Press, |
| Date of production, publication, distribution, manufacture, or copyr |
c2026. |
| 300 ## - PHYSICAL DESCRIPTION |
| Extent |
318 pages; |
| 336 ## - Content Type |
| Content type term |
text |
| 337 ## - Media type |
| Media type term |
unmediated |
| 338 ## - Carrier type |
| Carrier type term |
volume |
| 520 ## - SUMMARY, ETC. |
| Summary, etc |
"In this time of political fragility, climate chaos, and seeking beauty wherever we can find its glimmer, Terry Tempest Williams introduces us to the Glorians. They are not distant deities, but the ordinary, often overlooked presences—animal, plant, memory, moment—that reveal our shared vulnerability and interconnectedness with the natural world. The Glorians can be as small as an ant ferrying a coyote willow blossom to its queen or as commonplace as the night sky. But what they can collectively show us—about the radical act of attending to beauty and carrying forward against all odds—is immense. <br/>Journeying through encounters with the Glorians in the red rock desert of Utah during the pandemic to Harvard University where she teaches in the Divinity School, Williams weaves a story of astonishing personal and societal insight. As she grapples with the unsettled state of the world, she turns not to despair but to deep reflection. She sees how the Glorians are calling us to attention, not as an army, but as fellow inhabitants of our sacred, threatened home. They remind us of the power of contact between species and the profound courage—and awareness—it will take to dream a more cohesive future into being.<br/><br/>Wise and lyrical, The Glorians is a testament to the power of witness, a field guide to finding grace in the unexpected, and a moving invitation to engage with one another and our surroundings with renewed intention. In a modern world filled with increasing noise and anxiety, Terry Tempest Williams offers honest sustenance for the mind and spirit and distinguishes herself again as a trusted voice to whom we can turn to more fully understand our times."--Publisher. |
| 650 #7 - SUBJECT ADDED ENTRY--TOPICAL TERM |
| Topical term or geographic name as entry element |
Nature / Environmental Conservation & Protection. |
| Source of heading or term |
bisacsh |
| 9 (RLIN) |
5733577 |
| 650 #0 - SUBJECT ADDED ENTRY--TOPICAL TERM |
| Topical term or geographic name as entry element |
Memiors |
| 9 (RLIN) |
6560908 |
| 650 #0 - SUBJECT ADDED ENTRY--TOPICAL TERM |
| Topical term or geographic name as entry element |
Spirituality |
| 942 ## - ADDED ENTRY ELEMENTS (KOHA) |
| Source of classification or shelving scheme |
Dewey Decimal Classification |
| Koha item type |
BOOK |